1588 1144 1735 1229 1764 1693 1147 1481 1004 1866 1285 1491 1129 1431 1114 1559 1657 1649 1305 1676 1775 1563 1692 1137 1903 1820 1208 1792 1636 1637 1196 1452 1899 1244 1980 1272 1288 1677 1879 1676 1817 1969 1806 1363 1983 1191 1194 1031 1745 1296 1196 1478 1403 1464 1970 1063 1635 1812 1793 1882 1174 1954 1717 1462 1261 1184 1326 1941 1818 1012 1544 1574 1108 1619 1560 1676 1573 1102 1615 1751 1322 1332 1598 1379 1678 1203 1468 1400 1162 1477 1519 1457 1783 1382 1123 1273 1066 1094 1878 BCNSPRNW ULIB Ver.6.0+V

เปลี่ยนเป็นภาษาไทย

Change to English
 แสดงรายละเอียดบรรณานุกรม
  กลับหน้าหลัก

Brief Record : Get Marc (ISO 2709) : E-mail record : QR code < ปิดหน้าต่าง
LEADER : 00000nam 2200000uu 4500
001    13399121706
003     ULIB
008    020711s2552 th a 000 0 tha d
020    9786167123134
099    นว.^bค472ฝ
100    คีตาวาที
245    ฝั่งฝันปลายทางที่หัวใจ
260    กรุงเทพฯ :^bกรีนมายด์,^c2552
300    400 หน้า
945    ^p259^l0^i026757
999    ^aวรรณษา ชูชัยมงคล
รายการนี้ยังไม่มีแท็ก
คุณยังไม่ได้ล็อกอิน คุณสามารถมีกิจกรรมร่วมกับเว็บไซต์ได้ แต่ต้องล็อกอินก่อน ::
  ล็อกอิน

รายการสื่อสารสนเทศ

ลำดับที่ ประเภท เลขเรียก/บาร์โค้ด สถานที่ สถานะ
1. นวนิยาย
นวนิยาย
นว. ค472ฝ  
  Barcode: 026757
ห้องสมุดวิทยาเขตสวรรค์ประชารักษ์
►นวนิยาย
บนชั้น
  ขอยืม

BibComment


ยังไม่เคยถูกคอมเมนท์

คอมเมนท์ทรัพยากรรายการนี้
  คอมเมนท์: ฝั่งฝันปลายทางที่..


 Copyright 2026. Bcnsprnw @Library